000 00976nam a22002535i 4500
001 156521
003 ES-MaACL
005 20260202063018.0
008 001009s1857 fr a |||| | fre d
080 _a58
100 1 _aJussieu, Adrien de,
_d1797-1853
_9128405
245 1 0 _aBotanique /
_cpar Adrien de Jussieu.
250 _a7ème éd.
260 _aParis :
_bVictor Masson :
_bLanglois et Leclercq,
_c1857.
300 _aVI, 561 p. :
_bil. ;
_c18 cm.
490 1 _aCours élémentaire d'histoire naturelle / par Milne Edwards, A. de Jussieu et Beudant
599 _aObra que contiene 812 figuras.
650 7 _aBotánica
_2embne
_910610
700 1 _aMilne-Edwards, Alphonse,
_d1835-1900
_9129939
700 1 _aBeudant, François Sulpice.
_928702
830 1 _aCours élémentaire d'histoire naturelle / par Milne Edwards, A. de Jussieu et Beudant
_9221682
852 4 _aES-MaACL
_jD-729
_z- Legado de Modesto Lafuente
999 _c156521
_d156521